[Event "ch-AUT"]
[Site "Oberpullendorf AUT"]
[Date "2002.08.10"]
[Round "1"]
[White "Schneider Zinner,H"]
[Black "Fauland,P"]
[Result "1-0"]
[WhiteElo "2344"]
[BlackElo "2222"]

1.d4 Nf6 2.Nf3 c5 3.d5 e6 4.c4 exd5 5.cxd5 d6 6.Nc3 g6 7.e4 Bg7 8.h3 a6 9.a4 O-O
10.Bd3 Nh5 11.O-O Nd7 12.Bg5 Bf6 13.Be3 Ne5 14.Be2 Nxf3+ 15.Bxf3 Ng7 16.Bg4 Qa5
17.Qc2 h5 18.Be2 Bd7 19.f4 Rfe8 20.Bf3 Nf5 21.exf5 Bxf5 22.Be4 Bxc3 23.Bxf5 Rxe3
24.bxc3 gxf5 25.Qxf5 Qxc3 26.Rab1 Qg7 27.Qxh5 Rae8 28.Rxb7 Rg3 29.Rf2 Rg6
30.Qf5 Qa1+ 31.Kh2 Rg7 32.Re2 Rf8 33.Qe4 Kh8 34.Rb6 Qc3 35.Rxd6 f6 36.Re6 Qg3+
37.Kh1 Rfg8 38.Re8 Rxe8 39.Qxe8+ Rg8 40.Qh5+  1-0

[Event "15th Open"]
[Site "Kiel GER"]
[Date "2002.08.11"]
[Round "3"]
[White "Tymura,A"]
[Black "Smetankin,S"]
[Result "0-1"]
[WhiteElo "2158"]
[BlackElo "2455"]

1.d4 Nf6 2.c4 c5 3.d5 e6 4.Nc3 exd5 5.cxd5 d6 6.Nf3 g6 7.e4 Bg7 8.h3 O-O
9.Bf4 Re8 10.Nd2 Nxe4 11.Ncxe4 f5 12.Bb5 Bd7 13.O-O fxe4 14.Bxd7 Nxd7 15.Bxd6 Bxb2
16.Rb1 Qf6 17.Bh2 Nb6 18.Qc2 Bd4 19.Rbe1 Qf5 20.d6 e3 21.Qxf5 gxf5 22.fxe3 Bxe3+
23.Rxe3 Rxe3 24.Rxf5 Nd7 25.Nc4 Re6 26.Bg3 Rf8 27.Rd5 b6 28.a4 Rff6 29.h4 Rf8
30.Kh2 Re4 31.Rg5+ Kf7 32.Ne5+ Nxe5 33.Bxe5 Ke6 34.Bg3 Rf7 35.a5 Kd7 36.axb6 axb6
37.Rg8 Re8 38.Rg4 b5 39.h5 Rc8 40.Re4 c4 41.Bf4 b4 42.g4 b3  0-1

[Event "11th Open"]
[Site "Kavala GRE"]
[Date "2002.08.14"]
[Round "6"]
[White "Kiss,Pa"]
[Black "Mastrovasilis,A"]
[Result "1/2-1/2"]
[WhiteElo "2395"]
[BlackElo "2461"]

1.d4 Nf6 2.c4 e6 3.Nf3 c5 4.d5 exd5 5.cxd5 d6 6.Nc3 g6 7.h3 a6 8.a4 Qe7 9.Bg5 Bg7
10.e3 Nbd7 11.Be2 O-O 12.Nd2 h6 13.Bh4 g5 14.Bg3 Ne5 15.O-O Bf5 16.Bxe5 Qxe5
17.Nc4 Qe7 18.a5 Nd7 19.Bd3 Bxd3 20.Qxd3 f5 21.f4 Rae8 22.Kh2 h5 23.g3 Kh8
24.Rg1 h4 25.gxh4 gxf4 26.exf4 Bh6 27.Rg5 Nf6 28.Rxf5 Nh7 29.Rf1 Rxf5 30.Qxf5 Rf8
31.Qg4 Rg8 32.Qf3 Rf8 33.Qg4 Rg8 34.Qf3 Rf8  1/2-1/2

[Event "It"]
[Site "Tel Aviv ISR"]
[Date "2002.08.14"]
[Round "6"]
[White "Mikhalevski,A"]
[Black "Bar,R"]
[Result "1-0"]
[WhiteElo "2429"]
[BlackElo "2433"]

1.d4 Nf6 2.c4 e6 3.Nf3 c5 4.d5 d6 5.Nc3 exd5 6.cxd5 g6 7.e4 Bg7 8.Bg5 h6
9.Bh4 a6 10.Nd2 b5 11.Be2 O-O 12.O-O Re8 13.f4 Nbd7 14.Bf3 c4 15.a4 Rb8 16.axb5 axb5
17.Bf2 Nh5 18.Bxh5 gxh5 19.Ra7 Nf6 20.e5 dxe5 21.fxe5 Rxe5 22.Bg3 Qb6+ 23.Kh1 Re3
24.Rc7 Bg4 25.Qc1 Rd8 26.Rc6 Qd4 27.Bh4 Rxc3 28.bxc3 Qxd5 29.Bxf6 Bxf6 30.Rcxf6 Qxd2
31.Qxd2 Rxd2 32.Rxf7 Be6 33.R7f2 Rd3 34.Rf3 Bg4 35.Rg3 Kh7 36.Rxd3 cxd3 37.h3 Be2
38.Rf7+ Kg6 39.Rd7 h4 40.Kg1 d2 41.Rxd2 Bc4 42.Kf2 h5 43.Ke3 Kg5 44.Ke4 Bf1
45.Rf2 Bc4 46.Rf5+ Kg6 47.Kf4 Bf1 48.Rg5+ Kh6 49.Kf5 Bd3+ 50.Kf6 Be4 51.Rg7 Bd3
52.Rg8 Kh7 53.Rd8 Bf1 54.Rd2 Kh6 55.Kf5  1-0

[Event "ADCF Masters"]
[Site "Abu Dhabi UAE"]
[Date "2002.08.18"]
[Round "7"]
[White "Dobrov,V"]
[Black "Poluljahov,A"]
[Result "1-0"]
[WhiteElo "2443"]
[BlackElo "2512"]

1.d4 Nf6 2.c4 e6 3.Nf3 c5 4.d5 d6 5.Nc3 exd5 6.cxd5 g6 7.Bf4 a6 8.e4 b5 9.Qe2 Ra7
10.e5 Re7 11.Be3 Nh5 12.Ne4 dxe5 13.Bxc5 Rd7 14.Nxe5 Bxc5 15.Nxd7 Qa5+ 16.Kd1 Nxd7
17.Nxc5+ Kd8 18.Nb3 Qb4 19.Qd2 Qd6 20.Be2 Nhf6 21.Rc1 Nxd5 22.Bf3 N7b6 23.Na5  1-0

[Event "Open"]
[Site "Birstonas LIT"]
[Date "2002.08.19"]
[Round "3"]
[White "Bandza,A"]
[Black "Jocys,D"]
[Result "1/2-1/2"]
[WhiteElo "2378"]
[BlackElo "2245"]

1.d4 Nf6 2.Nf3 e6 3.c4 c5 4.d5 exd5 5.cxd5 d6 6.Nc3 g6 7.e4 Bg7 8.Be2 O-O
9.Nd2 Re8 10.O-O Na6 11.f3 Nc7 12.a4 b6 13.Nc4 Ba6 14.Rb1 Bxc4 15.Bxc4 a6
16.Qd3 Qd7 17.b4 Nh5 18.bxc5 bxc5 19.Bd2 Bd4+ 20.Kh1 f5 21.exf5 gxf5 22.f4 Reb8
23.Rbe1 Rb2 24.Nd1 Rb7 25.Bc3 Bxc3 26.Nxc3 Rb2 27.Qh3 Nf6 28.Bd3 Ng4 29.Qh4 Re8
30.Qg5+ Qg7 31.Rxe8+ Nxe8 32.Bxf5 Ne3 33.Be6+ Kf8 34.Re1 Nxg2 35.Rg1 Qxg5
36.fxg5 Ne3 37.Rg3 Nc4 38.Ne4 Ne5 39.Nf6 Rb1+ 40.Kg2 Rb2+ 41.Kg1  1/2-1/2

[Event "Saraybahce GP"]
[Site "Kocaeli TUR"]
[Date "2002.08.20"]
[Round "4"]
[White "Erdogan,H"]
[Black "Pantsulaia,L"]
[Result "1/2-1/2"]
[WhiteElo "2218"]
[BlackElo "2436"]

1.d4 Nf6 2.c4 c5 3.d5 e6 4.Nc3 exd5 5.cxd5 d6 6.Nf3 g6 7.e4 Bg7 8.h3 O-O
9.Bd3 b5 10.Nxb5 Nxe4 11.Bxe4 Qa5+ 12.Nc3 Bxc3+ 13.bxc3 Re8 14.Ng5 Qxc3+
15.Bd2 Qc4 16.f3 f5 17.Kf2 fxe4 18.Nxe4 Nd7 19.Re1 Ba6 20.Qb3 Re5 21.Qxc4 Bxc4
22.Nxd6 Bxd5 23.Bc3 Re6 24.Rxe6 Bxe6 25.Re1 Nf8 26.Ne4 Bxa2 27.Ng5 Rd8 28.Ra1 Bd5
29.Rxa7 Rd7 30.Ra6 h6 31.Ne4 Bxe4 32.fxe4 Rd3 33.Be5 Kf7 34.Ke2 Rd7 35.Rf6+ Ke7
36.g4 Ra7 37.Rf3 Ra2+ 38.Kf1 Ra4 39.Bg7 Ne6 40.Bxh6 Rxe4 41.Re3 Ra4 42.Bg7 Kd6
43.Rd3+ Ke7  1/2-1/2

[Event "Open"]
[Site "Birstonas LIT"]
[Date "2002.08.23"]
[Round "7"]
[White "Kaunas,K"]
[Black "Jocys,D"]
[Result "1-0"]
[WhiteElo "2337"]
[BlackElo "2245"]

1.d4 Nf6 2.Nf3 e6 3.c4 c5 4.d5 exd5 5.cxd5 d6 6.Nc3 g6 7.Bf4 Bg7 8.Qa4+ Bd7
9.Qb3 Qc7 10.e4 Nh5 11.Be3 O-O 12.Nd2 f5 13.exf5 gxf5 14.Be2 Be8 15.Bg5 a6
16.O-O b5 17.Bf3 Bg6 18.a4 b4 19.Ne2 Nd7 20.Bxh5 Bxh5 21.Nf4 Bf7 22.Ne6 Bxe6
23.dxe6 Ne5 24.e7+ Rf7 25.Rae1 Re8 26.Qd5 h6 27.Bh4 Ng6 28.Nc4 Nxh4 29.Nxd6 Rxe7
30.Rxe7 Qxe7 31.Nxf7 Qxf7 32.Qd8+ Kh7 33.Qxh4 Bxb2 34.Re1 Bf6 35.Qf4 Qd5
36.h4 Kg6 37.Re3 Qd1+ 38.Kh2 Qd4 39.Rg3+ Kf7 40.Qxf5 Qxh4+ 41.Kg1 Qd4 42.Qg6+ Ke7
43.Re3+ Be5 44.g3 c4 45.Re4 Qc5 46.Qxa6 c3 47.Qb7+ Kd6 48.Qxb4 Qxb4 49.Rxb4 Kc5
50.Rb1 Bc7 51.Kg2 Kc4 52.Kf3 c2 53.Rc1 Kd3 54.Kg4 Kd2 55.Rh1 Bb6 56.f4 Bf2
57.a5 Ke2 58.Rc1 Kd2 59.Rxc2+ Kxc2 60.a6 Kd3 61.f5 Ke4 62.f6 Kd5 63.f7  1-0

[Event "Open"]
[Site "Nikea GRE"]
[Date "2002.08.26"]
[Round "8"]
[White "Kononenko,T"]
[Black "Nikolaidis,I"]
[Result "1/2-1/2"]
[WhiteElo "2388"]
[BlackElo "2502"]

1.d4 Nf6 2.c4 e6 3.Nf3 c5 4.d5 d6 5.Nc3 exd5 6.cxd5 a6 7.a4 g6 8.Nd2 Bg7
9.Nc4 O-O 10.Bf4 Ne8 11.e3 f5 12.h4 Qc7 13.Be2 Nd7 14.O-O Nb6 15.Qd2 Nxc4
16.Bxc4 Nf6 17.Rab1 Bd7 18.Rfc1 Nh5 19.Bh2 Bxc3 20.Qxc3 Bxa4 21.b4 b6 22.bxc5 bxc5
23.Ra1 Bb5 24.Qa5 Qxa5 25.Rxa5 Bxc4 26.Rxc4 Rfd8 27.Rca4 Kf7 28.Rxa6 Rxa6
29.Rxa6 Ke7 30.Bf4 Nxf4 31.exf4 Rd7 32.Kf1 Rb7 33.g3 h5 34.Ke2 Kd7 35.Ra8 Rb2+
36.Ke3 Rb4 37.Ra7+ Kc8 38.Ra6 Kc7 39.Ra7+ Rb7 40.Ra8 Rb3+ 41.Ke2 Rb4 42.Ra7+ Kc8
43.Ra6 Re4+ 44.Kf3 Kc7 45.Ra7+ Kb6 46.Rd7 c4 47.Rxd6+ Kc5 48.Rxg6 Rd4 49.Rc6+ Kxd5
50.Rc8 Rd3+ 51.Ke2 Ra3 52.Rd8+ Kc5 53.Rf8 Kd4 54.Rxf5 c3 55.Kd1 Ra1+ 56.Kc2 Ra2+
57.Kc1 Ra1+  1/2-1/2

[Event "VI BCX"]
[Site "Brasilia BRA"]
[Date "2002.08.29"]
[Round "7"]
[White "Coelho,L"]
[Black "Lima,Da"]
[Result "1-0"]
[WhiteElo "2352"]
[BlackElo "2541"]

1.c4 Nf6 2.Nf3 e6 3.d4 c5 4.d5 exd5 5.cxd5 d6 6.Nc3 g6 7.h3 a6 8.a4 Qe7 9.Bg5 Bg7
10.e3 Nbd7 11.Be2 O-O 12.O-O Re8 13.Nd2 Rb8 14.e4 Qf8 15.Qc2 Nb6 16.Rab1 Nfd7
17.a5 Na8 18.b4 Nc7 19.Na4 Nxd5 20.exd5 Rxe2 21.Be3 Ne5 22.Qd1 Rxd2 23.Qxd2 Nc4
24.Qd3 Ne5 25.Qd2 Bf5 26.bxc5 Nc4 27.Qb4 Nxe3 28.fxe3 Bxb1 29.Rxb1 dxc5 30.Qxc5 Qd8
31.d6 Bf8 32.Rb6 Rc8 33.Qd5 Rc1+ 34.Kh2 Rc6 35.d7 Bd6+ 36.Qxd6 Rxd6 37.Rxd6 h5
38.Nc5  1-0

[Event "GP"]
[Site "Izmir TUR"]
[Date "2002.08.29"]
[Round "2"]
[White "Magalashvili,D"]
[Black "Mastrovasilis,A"]
[Result "0-1"]
[WhiteElo "2178"]
[BlackElo "2461"]

1.d4 Nf6 2.c4 e6 3.Nf3 c5 4.d5 d6 5.Nc3 exd5 6.cxd5 g6 7.Nd2 Bg7 8.Nc4 O-O
9.Bg5 Qd7 10.a4 Na6 11.e4 Nxe4 12.Nxe4 Re8 13.Nd2 Qf5 14.Bxa6 Rxe4+ 15.Nxe4 Qxe4+
16.Kf1 bxa6 17.Qf3 Qc4+ 18.Kg1 Bb7 19.Rd1 Bd4 20.h4 Bxd5 21.Qf4 Be5 22.Qxc4 Bxc4
23.Be3 Re8 24.a5 h5 25.Rd2 f5 26.f4 Bg7 27.Kf2 Re6 28.g3 Kf7 29.Ra1 Ke7 30.Ra3 Re4
31.Ra1 Ke6 32.Rc1 Bf8 33.Re1 Be7 34.Rc2 Bb5 35.Rcc1 Bd8 36.Bd2 Be7 37.Be3 Kd7
38.Rc2 Kc6 39.Rec1 Bd8 40.Ra1 Ba4 41.Re2 Bb3 42.Ra3 Bc4 43.Rc2 Be6 44.Rd2 d5
45.Rc3 c4 46.Ra3 Be7 47.Ra1 Bf6 48.Rad1 Bd8 49.Ra1 Kb5 50.Bxa7 Bxa5 51.Re2 Bd8
52.Rxe4 fxe4 53.Ke3 a5 54.Bd4 a4 55.Ra3 Be7 56.Ra1 Bb4 57.Rb1 Bd7 58.Ra1 Ba5
59.Ra3 Be1 60.Ra1 Bb4 61.Rb1 Kc6 62.Ra1 Kd6 63.Bc3 Bc5+ 64.Bd4 Bc6 65.Ra2 Bb4
66.Ra1 Ke6 67.Bc3 Bc5+ 68.Bd4 Be7 69.Ra2 Kf5 70.Ra1 Kg4 71.Kf2 Bb4 72.Ra2 Bb5
73.Ra3 Bxa3 74.bxa3 Bd7 75.Bc3 e3+ 76.Kxe3 Kxg3 77.Be1+ Kg4 78.Kd4 Be6 79.Ke5 Bg8
80.Kd4 Kxf4 81.Bd2+ Kf3 82.Bg5 Ke2 83.Kc3 Be6 84.Bh6 Bf5 85.Bg5 Be4 86.Bc1 Bd3
87.Bg5 Kd1 88.Be3 Be2 89.Bd4 Kc1 90.Be3+ Kb1 91.Bf4 d4+ 92.Kxd4 Kb2 93.Bd2 Kxa3
94.Kc3 Ka2 95.Be3 Bd3 96.Bg5 Kb1 97.Be7 Ka2 98.Bd6 Be2 99.Be7 a3 100.Bf8 Bd3
101.Be7 g5 102.hxg5 Bg6 103.Bd6 h4 104.Kxc4 h3 105.Kd4 Kb1 106.Ke3 a2 107.Be5 h2
108.Kd4  0-1

[Event "21st NAO"]
[Site "Las Vegas USA"]
[Date "2002.08.31"]
[Round "3"]
[White "Baburin,A"]
[Black "Langer,M"]
[Result "1-0"]
[WhiteElo "2580"]
[BlackElo "2274"]

1.d4 Nf6 2.c4 c5 3.d5 e6 4.Nc3 exd5 5.cxd5 d6 6.Nf3 g6 7.Nd2 a6 8.a4 Nbd7
9.e4 Bg7 10.Be2 O-O 11.O-O Re8 12.f4 Qc7 13.Kh1 Rb8 14.e5 dxe5 15.Nc4 e4
16.f5 Ne5 17.Bf4 Nfd7 18.Nxe4 b6 19.b4 Bb7 20.Rc1 Ba8 21.bxc5 bxc5 22.Ncd6 Rf8
23.Bxa6 Rb6 24.f6 Bh8 25.Bb5 Rxd6 26.Nxd6 Qxd6 27.Bxd7 Bxf6 28.Bb5 Bxd5 29.Bc4 Rd8
30.Bxd5 Qxd5 31.Qxd5 Rxd5 32.a5 Nd3 33.a6 Nxf4 34.Rcd1 Nd3 35.a7 Nf2+ 36.Kg1 Nxd1
37.Rxf6 Rd8 38.Rb6  1-0

[Event "II Open"]
[Site "Poio ESP"]
[Date "2002.09.06"]
[Round "7"]
[White "Dias,P"]
[Black "Mirzoev,A"]
[Result "1/2-1/2"]
[WhiteElo "2347"]
[BlackElo "2498"]

1.d4 Nf6 2.Nf3 e6 3.c4 c5 4.d5 exd5 5.cxd5 d6 6.Nc3 g6 7.Nd2 a6 8.a4 Nbd7
9.e4 Bg7 10.Be2 O-O 11.O-O Re8 12.Re1 Nf8 13.h3 N6d7 14.Bf1 g5 15.Nc4 Ne5
16.Ne3 Qf6 17.Nf5 Bxf5 18.exf5 Qxf5 19.Ne4 Ned7 20.Nxd6 Rxe1 21.Qxe1 Qxd5
22.Qd2 Qxd2 23.Bxd2 Ne6 24.Rb1 b6 25.b4 Bf8 26.Ne4 cxb4 27.Bxb4 h6 28.Bd2 Nec5
29.Nxc5 Bxc5 30.Rd1 Nf6 31.Be3 Bxe3 32.fxe3 Ne4 33.Rb1 Rb8 34.Bxa6 Nc5 35.Bb5 Kf8
36.Rb4 Ke7 37.Kf2 Kd6 38.Kf3 f5 39.g4 Rf8 40.Rd4+ Kc7 41.Rd5 fxg4+ 42.Kxg4 Ne4
43.Rd7+ Kc8 44.Re7 Nf6+ 45.Kg3 Kd8 46.Rb7 Ne4+ 47.Kg4 Rf6 48.Rd7+ Kc8 49.Re7 Nd6
50.Rh7 Ne4 51.Kh5 Ng3+ 52.Kg4 Ne4 53.Kh5 Ng3+ 54.Kg4 Ne4  1/2-1/2

[Event "TCh-CRO"]
[Site "Medulin CRO"]
[Date "2002.09.14"]
[Round "6"]
[White "Horvath,Cs"]
[Black "Cvitan,O"]
[Result "1/2-1/2"]
[WhiteElo "2517"]
[BlackElo "2574"]

1.d4 Nf6 2.c4 e6 3.Nf3 c5 4.d5 d6 5.Nc3 exd5 6.cxd5 g6 7.h3 a6 8.a4 Qc7 9.Bf4 Nbd7
10.Nd2 Ne5 11.e3 Bg7 12.Be2 O-O 13.O-O Ne8  1/2-1/2

[Event "Autumn Cup"]
[Site "Bucharest ROM"]
[Date "2002.09.26"]
[Round "2"]
[White "Mateuta,G"]
[Black "Musat,A"]
[Result "1/2-1/2"]
[WhiteElo "2408"]
[BlackElo "2414"]

1.d4 Nf6 2.Nf3 e6 3.c4 c5 4.d5 exd5 5.cxd5 d6 6.Nc3 g6 7.h3 a6 8.a4 Qe7 9.Bf4 Nbd7
10.e3 Bg7 11.Be2 O-O 12.Nd2 Ne5 13.O-O Rb8 14.Bg3 Bd7 15.a5 Ne8 16.e4  1/2-1/2

[Event "4th ZNG111 IM"]
[Site "Opatija CRO"]
[Date "2002.10.04"]
[Round "1"]
[White "Sitnik,I"]
[Black "Fercec,N"]
[Result "1-0"]
[WhiteElo "2238"]
[BlackElo "2504"]

1.d4 Nf6 2.c4 c5 3.d5 e6 4.Nc3 exd5 5.cxd5 d6 6.Nf3 g6 7.Bf4 a6 8.a4 Bg7
9.h3 O-O 10.e3 Nh5 11.Bh2 f5 12.Be2 f4 13.e4 Nd7 14.O-O Ne5 15.a5 Bd7 16.Ra3 Nxf3+
17.Bxf3 Be5 18.Rb3 Rb8 19.Rb6 Nf6 20.Qb3 Qc8 21.Rc1 g5 22.Nb1 h5 23.Nd2 g4
24.Be2 Rf7 25.Nc4 g3 26.fxg3 Bd4+ 27.Kh1 Nxe4 28.Rf1 Rf6 29.gxf4 Bb5 30.Bxh5 Qf8
31.Bg4 Qg7 32.Qc2 Re8 33.Be6+ Kh8 34.Qxe4 Bxc4 35.Re1 Bf2 36.f5 Bxe1 37.Qxc4 Bg3
38.Rb3 Bxh2 39.Kxh2 Rh6 40.Qf4 Qf6 41.g4 Qh4 42.Rg3 Rh7 43.f6 Rf8 44.Rf3 Qe1
45.Rf2 Qxa5 46.g5  1-0

[Event "6th Final RUS Cup"]
[Site "Nefteyugansk RUS"]
[Date "2002.10.06"]
[Round "1"]
[White "Bocharov,D"]
[Black "Popov,Val"]
[Result "1-0"]
[WhiteElo "2502"]
[BlackElo "2568"]

1.d4 Nf6 2.Nf3 c5 3.d5 e6 4.c4 exd5 5.cxd5 d6 6.Nc3 g6 7.h3 Bg7 8.e4 O-O
9.Bd3 Bd7 10.a4 Na6 11.O-O Nb4 12.Bf4 Nxd3 13.Qxd3 Ne8 14.Rfe1 Qb6 15.Re2 Rd8
16.Qd2 Qa6 17.Rae1 Bxa4 18.Ra1 Bxc3 19.bxc3 Qc4 20.Bh6 Ng7 21.e5 Bb5 22.Rae1 Qb3
23.Re4 dxe5 24.Bxg7 Kxg7 25.Rh4 h5 26.Rxh5 gxh5 27.Qg5+ Kh7 28.Qxh5+ Kg7
29.Qg5+ Kh7 30.Qf5+ Kg8 31.Ng5 Kg7 32.Re3 Qd1+ 33.Kh2 Rd6 34.Rg3  1-0

[Event "FSIMB Oct"]
[Site "Budapest HUN"]
[Date "2002.10.11"]
[Round "7"]
[White "Banusz,T"]
[Black "Schneider,At"]
[Result "1/2-1/2"]
[WhiteElo "2274"]
[BlackElo "2337"]

1.d4 Nf6 2.c4 c5 3.d5 e6 4.Nc3 exd5 5.cxd5 d6 6.Nf3 g6 7.Nd2 Nbd7 8.e4 Bg7
9.Be2 O-O 10.O-O Re8 11.Qc2 Ne5 12.a4 g5 13.Ra3 g4 14.Re1 Nh5 15.Bb5 Rf8
16.Nf1 f5 17.Ng3 Nxg3 18.hxg3 Ng6 19.exf5 Bxf5 20.Bd3 Bxd3 21.Qxd3 Ne5 22.Qe2 Qd7
23.Be3 Rae8 24.Raa1 Qf5 25.Nb5 Qd7 26.Nc3 a6 27.a5 Qf5 28.Ra4 c4 29.Rd1 Bh6
30.Bxh6 Nf3+ 31.gxf3 Rxe2 32.Nxe2 Rf6 33.Rxc4 Rxh6 34.Rf4 Qe5 35.Rxg4+ Rg6
36.Rxg6+ hxg6 37.Nc3 Qf5 38.Rd4 Qxf3 39.Rf4 Qd3 40.Rb4 Kf7 41.Rxb7+ Kf6 42.Rd7 Ke5
43.Re7+ Kf5 44.Re6 Qc2 45.Rxd6 Qxb2 46.Rc6 Qa1+ 47.Kh2 Qxa5 48.Nd1 Kg5 49.Ne3 Qd2
50.Kg2 a5 51.d6 Kh6 52.Rc5 Qd3 53.Ng4+ Kg7 54.Rc7+ Kf8 55.Rf7+ Kg8 56.Nh6+ Kh8
57.Re7 Qd5+ 58.Kg1 Qd1+ 59.Kh2 Qh5+ 60.Kg2 Qd5+  1/2-1/2

[Event "TCh-CZE 2002-3"]
[Site "Czech Rep CZE"]
[Date "2002.10.13"]
[Round "2"]
[White "Pribyl,Jo"]
[Black "Simacek,P"]
[Result "1/2-1/2"]
[WhiteElo "2403"]
[BlackElo "2420"]

1.d4 Nf6 2.Nf3 c5 3.d5 e6 4.c4 exd5 5.cxd5 d6 6.Nc3 g6 7.e4 Bg7 8.h3 O-O
9.Bd3 Na6 10.O-O Nc7 11.Re1 Re8 12.a4 a6 13.a5 Rb8 14.Bf4 b5 15.axb6 Rxb6
16.Ra2 Rb4 17.Qc1 Nb5 18.Bd2 Nd4 19.Nxd4 Rxd4 20.Qc2 Rb4 21.Nd1 Rb8 22.Bxa6 Ra8
23.Bc4 Rxa2 24.Bxa2 Nh5 25.Bc4 Bd4 26.Qd3 Qf6 27.b3  1/2-1/2

[Event "2nd Rohde Open"]
[Site "Sautron FRA"]
[Date "2002.10.28"]
[Round "3"]
[White "Trajkovic,P"]
[Black "Battaglini,G"]
[Result "1/2-1/2"]
[WhiteElo "2344"]
[BlackElo "2229"]

1.c4 Nf6 2.Nf3 e6 3.d4 c5 4.d5 exd5 5.cxd5 d6 6.Nc3 g6 7.Bf4 a6 8.e4 Bg4
9.Qa4+ Nbd7 10.Nd2 b5 11.Qc2 Nb6 12.a4 b4 13.Nd1 Nh5 14.Be3 Bg7 15.h3 Bxd1
16.Rxd1 O-O 17.Be2 Qf6 18.Bxh5 gxh5 19.a5 Nd7 20.Nc4 Ne5 21.Nb6 Ra7 22.O-O Re8
23.Rde1 Nd7 24.Nc4 Ne5 25.Nb6 Nd7 26.Nc4  1/2-1/2

[Event "2nd Rohde Open"]
[Site "Sautron FRA"]
[Date "2002.10.30"]
[Round "5"]
[White "Komljenovic,D"]
[Black "Battaglini,G"]
[Result "1-0"]
[WhiteElo "2450"]
[BlackElo "2229"]

1.d4 Nf6 2.c4 e6 3.Nf3 c5 4.d5 exd5 5.cxd5 d6 6.Nc3 g6 7.Bf4 Bg7 8.e4 O-O
9.Nd2 Qe7 10.Be2 Nbd7 11.O-O a6 12.a4 Ne8 13.Re1 h5 14.Nc4 Ne5 15.Nb6 Rb8
16.Qd2 Kh7 17.h3 Nd7 18.Nc4 Ne5 19.Ne3 Nc7 20.Bh2 b5 21.f4 b4 22.Ncd1 Nd7
23.e5 Ne8 24.Nc4 dxe5 25.fxe5 Nxe5 26.d6 Qe6 27.Nxe5 Bxe5 28.Bxe5 Qxe5 29.d7 Bxd7
30.Qxd7 Nf6 31.Qd2 Rfe8 32.Nf2 Rbd8 33.Bd3 Qd4 34.Rxe8 Rxe8  1-0

[Event "10th Chigorin Mem"]
[Site "St Petersburg RUS"]
[Date "2002.10.31"]
[Round "6"]
[White "Gavrilov,Al"]
[Black "Kornev,Alexe"]
[Result "1-0"]
[WhiteElo "2455"]
[BlackElo "2566"]

1.d4 Nf6 2.c4 c5 3.d5 e6 4.Nc3 exd5 5.cxd5 d6 6.Nf3 g6 7.Qa4+ Bd7 8.Qb3 Qc7
9.e4 Bg7 10.Bf4 O-O 11.Nd2 Nh5 12.Be3 f5 13.exf5 gxf5 14.Be2 f4 15.Bxc5 f3
16.Bxf3 Rxf3 17.gxf3 Qxc5 18.Qxb7 Nf4 19.Qxa8 Nd3+ 20.Ke2 Nf4+ 21.Kd1 Qb6
22.Rg1 Kf7 23.Rxg7+ Kxg7 24.Kc2 Bf5+ 25.Nce4 Ne2 26.Re1 Nd4+ 27.Kb1 Kh6 28.Re3 Qb4
29.a3 Qb6 30.Ka2 Qb5 31.Nxd6  1-0

[Event "Olympiad w"]
[Site "Bled SLO"]
[Date "2002.11.07"]
[Round "12"]
[White "Bosboom Lanchava,T"]
[Black "Hagarova,Z"]
[Result "0-1"]
[WhiteElo "2341"]
[BlackElo "2333"]

1.d4 Nf6 2.Nf3 e6 3.c4 c5 4.d5 d6 5.Nc3 exd5 6.cxd5 g6 7.e4 Bg7 8.Bd3 O-O
9.O-O Bg4 10.h3 Bxf3 11.Qxf3 Nbd7 12.Qe2 a6 13.a4 Re8 14.f4 c4 15.Bc2 b5
16.axb5 axb5 17.Rxa8 Qxa8 18.Nxb5 Qxd5 19.exd5 Rxe2 20.Bd1 Re7 21.b3 Nb6
22.bxc4 Nxc4 23.Bb3 Na5 24.Bc2 Nxd5 25.Nxd6 Nc3 26.Kh2 Nb7 27.Nc4 Rc7 28.Bd3 Nc5
29.Nb2 Na2 30.Be3 Bxb2 31.Bc4 Nb4 32.Rd1 Ne6  0-1

[Event "Tch-SWE 2002-3"]
[Site "Sweden SWE"]
[Date "2002.11.16"]
[Round "4"]
[White "Bjork,C"]
[Black "Collett,P"]
[Result "1-0"]
[WhiteElo "2334"]
[BlackElo "2105"]

1.d4 Nf6 2.c4 e6 3.Nf3 c5 4.d5 d6 5.Nc3 exd5 6.cxd5 g6 7.Bg5 h6 8.Bh4 g5
9.Bg3 Nh5 10.e3 Nxg3 11.hxg3 Bg7 12.Bd3 a6 13.a4 Nd7 14.O-O O-O 15.Qc2 Nf6
16.a5 Bd7 17.Nd2 b5 18.axb6 Qxb6 19.Nc4 Qc7 20.Na5 Rfb8 21.Ra3 Rb4 22.Rfa1 c4
23.Be2 Rab8 24.R1a2 Qc5 25.e4 Rc8 26.Nd1 Ng4 27.Bxg4 Bxg4 28.Nc6 Bxd1 29.Qxd1 Rxb2
30.Rxb2 Bxb2 31.Rxa6 Bf6 32.Qf3 Kg7 33.e5 dxe5 34.Na7 Bd8 35.Nxc8 Qxc8 36.Ra7 Bf6
37.d6 c3 38.Qd5 Qe8 39.Rc7 e4 40.d7 Qd8 41.Rc8  1-0

[Event "Baharov Mem"]
[Site "Borovec BUL"]
[Date "2002.12.02"]
[Round "3"]
[White "Ivelinov,H"]
[Black "Janev,E"]
[Result "0-1"]
[WhiteElo "2188"]
[BlackElo "2473"]

1.d4 Nf6 2.c4 c5 3.d5 e6 4.Nc3 exd5 5.cxd5 d6 6.Nf3 g6 7.Nd2 Bg7 8.Nc4 O-O
9.Bf4 Ne8 10.Qd2 b6 11.Bh6 Ba6 12.Bxg7 Nxg7 13.Ne3 f5 14.g3 Nd7 15.Bg2 b5
16.a3 f4 17.Nc2 Ne5 18.b4 f3 19.exf3 Rxf3 20.O-O Nf5 21.Ne4 c4 22.Qe2 Rd3
23.Rfe1 Bb7 24.Rad1 a5 25.bxa5 Rxa5 26.f4 Rxd1 27.Rxd1 Nd3 28.Ng5 Qe7 29.Ne6 Bc8
30.Be4 Nc5 31.Nxc5 dxc5 32.d6 Nxd6 33.Bd5+ Kf8 34.Qd2 Ra6 35.Re1 Qf6 36.Qe3 Bf5
37.Bb7 Ra7 38.Qxc5 Rxb7 39.Nb4 Re7 40.Re3 Be4 41.g4 Qxf4  0-1

[Event "ch-POL sf"]
[Site "Lubniewice POL"]
[Date "2002.12.06"]
[Round "7"]
[White "Murdzia,P"]
[Black "Jakubowski,K"]
[Result "1-0"]
[WhiteElo "2418"]
[BlackElo "2473"]

1.d4 Nf6 2.c4 e6 3.Nc3 c5 4.d5 exd5 5.cxd5 d6 6.Nf3 g6 7.Bf4 Bg7 8.Qa4+ Bd7
9.Qb3 b5 10.Nxb5 Qa5+ 11.Nc3 O-O 12.Nd2 Na6 13.Nc4 Qd8 14.Bxd6 Bf5 15.Bxf8 Qxf8
16.Rc1 Nb4 17.e3 Rb8 18.Qd1 Rd8 19.a3 Nbxd5 20.Nxd5 Nxd5 21.Qa4 Nb6 22.Qxa7 Nxc4
23.Bxc4 Bxb2 24.O-O Bxc1 25.Rxc1 Bd3 26.Bxd3 Rxd3 27.g3 c4 28.Rxc4 Rxa3 29.Qb7 Ra8
30.Rc7 Rd8 31.Kg2 Re8 32.h4 h5 33.Qd5 Rd8 34.Qc4 Qe8 35.Kh2 Qf8 36.Rc6 Kg7
37.Qc3+ Kh7 38.Qf6 Rd7 39.Qc3 Qg7 40.Qc2 Rb7 41.Kg2 Qe5 42.Rc5 Qf6 43.Rxh5+ Kg7
44.Qc8  1-0

[Event "Friendship B"]
[Site "Roznov CZE"]
[Date "2002.12.15"]
[Round "10"]
[White "Alfred,N"]
[Black "Kanovsky,D"]
[Result "1-0"]
[WhiteElo "2251"]
[BlackElo "2271"]

1.d4 Nf6 2.c4 c5 3.d5 e6 4.Nc3 exd5 5.cxd5 d6 6.Nf3 g6 7.h3 Bg7 8.Bf4 O-O
9.e4 b6 10.Bd3 Ba6 11.O-O Qe7 12.Bxa6 Nxa6 13.Re1 Ne8 14.Qa4 Qb7 15.Rad1 f6
16.Qc6 Rf7 17.Bxd6 Qxc6 18.dxc6 Nxd6 19.Rxd6 Bf8 20.Rd7 Rxd7 21.cxd7 Rd8
22.e5 fxe5 23.Nxe5 Nb8 24.Nd5 Bg7 25.Nxg6 Nxd7 26.Nge7+ Kf7 27.Nc6 Re8 28.Rxe8 Kxe8
29.b3 Kf7 30.Nxa7 Ke6 31.Ne3 Ke5 32.Kf1 Ke6 33.Ke2 Bf8 34.Nb5 Nf6 35.Kd3 Kd7
36.a4 Kc6 37.g3 Nd7 38.f4  1-0

[Event "Cerrado CEMAR A"]
[Site "Mondariz ESP"]
[Date "2002.12.16"]
[Round "2"]
[White "Movsziszian,K"]
[Black "Cheparinov,I"]
[Result "1-0"]
[WhiteElo "2528"]
[BlackElo "2473"]

1.d4 Nf6 2.c4 e6 3.Nf3 c5 4.d5 exd5 5.cxd5 d6 6.Nc3 g6 7.g3 Bg7 8.Bg2 O-O
9.O-O Re8 10.Nd2 a6 11.a4 Nbd7 12.h3 Rb8 13.Nc4 Nb6 14.Na3 Bd7 15.a5 Nc8
16.Nc4 Bb5 17.Qb3 Bxc4 18.Qxc4 Nd7 19.Ra3 Qe7 20.e4 Ne5 21.Qe2 c4 22.Be3 Nd3
23.b3 Bxc3 24.bxc4 Nxf2 25.Qxf2 Be5 26.h4 Qc7 27.h5 f6 28.Bd4 Qxc4 29.Bxe5 Rxe5
30.Qxf6 Qc5+ 31.Rf2 Ne7 32.h6 Qc1+ 33.Bf1 Qxh6 34.Qxd6  1-0

[Event "Cerrado CEMAR B"]
[Site "Mondariz ESP"]
[Date "2002.12.17"]
[Round "3"]
[White "Valles Moreno,I"]
[Black "Serra Olives,T"]
[Result "1-0"]
[WhiteElo "2294"]
[BlackElo "2213"]

1.d4 Nf6 2.c4 e6 3.Nf3 c5 4.d5 exd5 5.cxd5 d6 6.Nc3 g6 7.Nd2 a6 8.a4 Nbd7
9.e4 Bg7 10.Nc4 Nb6 11.Ne3 Qe7 12.Bd3 O-O 13.O-O Nh5 14.Re1 Bd4 15.a5 Nd7
16.Nf5 gxf5 17.Qxh5 Ne5 18.Bc2 Ng4 19.Re2 fxe4 20.Rxe4 Qxe4 21.Nxe4 f5 22.Ng5 Nf6
23.Qh6 Bxf2+ 24.Kf1 Bd7 25.Ba4 Rae8 26.Bxd7  1-0

[Event "11th Donau Open"]
[Site "Aschach AUT"]
[Date "2002.12.27"]
[Round "2"]
[White "Bogdanov,O"]
[Black "Kainz,J"]
[Result "1/2-1/2"]
[WhiteElo "2297"]
[BlackElo "2094"]

1.d4 Nf6 2.Nf3 c5 3.d5 e6 4.c4 exd5 5.cxd5 d6 6.Nc3 g6 7.Bf4 a6 8.a4 Bg7
9.e4 Bg4 10.Be2 Bxf3 11.Bxf3 O-O 12.O-O Qe7 13.Qb3 Nbd7 14.Qxb7 Rfb8 15.Qc6 Ne8
16.a5 Be5 17.Bd2 Bd4 18.Bf4 Be5 19.Bd2  1/2-1/2

[Event "TCh-NOR Qualifier"]
[Site "NOR"]
[Date "2002.??.??"]
[Round "5"]
[White "Jorgensen,M"]
[Black "Elseth,R"]
[Result "0-1"]
[WhiteElo "2292"]
[BlackElo "2363"]

1.d4 Nf6 2.c4 e6 3.Nf3 c5 4.d5 exd5 5.cxd5 d6 6.Nc3 g6 7.h3 a6 8.a4 Qe7 9.Nd2 Nbd7
10.e4 Bg7 11.Be2 O-O 12.O-O Rb8 13.Ra3 Rd8 14.Qc2 Ne8 15.a5 Nc7 16.Rb3 Nf6
17.Nc4 Nb5 18.Nxb5 axb5 19.Rxb5 Nxe4 20.Bf4 Bd4 21.Rb6 Bf5 22.Bd3 Nxf2 23.Bxf5 Nxh3+
24.Kh2 Nxf4 25.Rxf4 gxf5 26.Qxf5 f6 27.Rb3 Rf8 28.Rg4+ Kh8 29.Rh4 Be5+ 30.Kh1 Rf7
31.a6 Ra8 32.Nxe5 fxe5 33.axb7 Qxh4+ 34.Rh3 Qe1+ 35.Kh2 Rxb7 36.Rg3 Rg7 37.Rxg7 Qh4+  0-1